| 000 | 00584nam a2200181 i 4500 | ||
|---|---|---|---|
| 001 | 62809 | ||
| 003 | ES-MaACL | ||
| 005 | 20250929063124.0 | ||
| 007 | t| | ||
| 008 | 031126s1946 sp ||||1| spa d | ||
| 100 | 1 |
_aFernández-Miranda, Torcuato, _d1915-1980 _9171853 |
|
| 245 | 1 | 3 |
_aLa justificación del Estado / _cTorcuato Fernández Miranda. |
| 260 |
_aMadrid : _bInstituto de Estudios Políticos, _c1946. |
||
| 300 |
_a183 p. ; _c18 cm. |
||
| 710 | 2 |
_aInstituto de Estudios Políticos (Madrid) _94924 |
|
| 852 |
_aES-MaACL _jC-4708 _bR.25100 |
||
| 999 |
_c62809 _d62809 |
||